Normal view MARC view
  • English drama

Entry Topical Term

Number of records used in: 2

001 - CONTROL NUMBER

  • control field: 40661

003 - CONTROL NUMBER IDENTIFIER

  • control field: OSt

005 - DATE AND TIME OF LATEST TRANSACTION

  • control field: 20160807103133.0

008 - FIXED-LENGTH DATA ELEMENTS

  • fixed length control field: 160807|| aca||babn | a|a d

040 ## - CATALOGING SOURCE

  • Original cataloging agency: OSt

150 ## - HEADING--TOPICAL TERM

  • Topical term or geographic name as entry element: English drama
  • General subdivision: History and criticism
  • Chronological subdivision: Restoration, 1660-1700